000
00289nam a2200121Ia 4500
005
20251222144636.0
008
251222s9999||||xx |||||||||||||| ||spa||
020
_a
978-84-935132-0-7
082
_a
734.22/F96
245
0
_a
Las Edades del Hombre
264
_b
Gráficas Varona
942
_c
LIB
999
_c
16511
_d
16511